000 00491nam a22001457a 4500
005 20260302145641.0
008 260302b |||||||| |||| 00| 0 eng d
020 _a978-9914-55-242-3
100 _aNYAGAH, JAMES
245 _aEXCELLING AVIANAIROBITION
_bAVIATION LEARNERS BOOK GRADE 10
260 _aNAIROBI
_bKENYA LITERATURE BUREAU
_c2025
300 _aVIII, 216P.
650 _a1. AERONOTICS - TEXTBOOKS 2. AVIATION STUDY AND TEACHING (SECONDARY)KATHURIMA, VINCENT K.
942 _2lcc
_cBK
999 _c216734
_d216734